Sześć najbliższych państw - Tajwan - Statystyki

Ogólne statystyki
  • Ten quiz został rozwiązany 29 razy
  • Średni wynik to 5 z 6
Statystyki odpowiedzi
km Państwa % Poprawnych
4 Chiny
100%
107 Japonia
96%
1088 Wietnam
89%
156 Filipiny
82%
990 Korea Południowa
82%
1439 Korea Północna
71%
Nie znaleziono quizów pasujących do podanych kryteriów
Rozkład punktacji
Procent ludzi z każdym wynikiem
Percentyl według liczby udzielonych odpowiedzi
Twoja historia wyników
Nie rozwiązałeś tego quizu